000 00457nam a2200181Ia 4500
001 13929
005 20260306164837.0
008 260306t2018||||xx |||||||||||||| ||spa||
041 _aESP
082 _a005.73
_bG26
100 _aGarrido Carrillo, Antonio,
_eAUT
245 0 _aEstructuras de datos avanzadas con soluciones en C++
260 _c2018
300 _a551 páginas :
_c24 cm.
650 _aGEN
654 _aCCC
942 _cLIB
_dJUS
_fJUS
_2ddc
_n
999 _c13929
_d13929